Efectos contables e impositivos del sinceramiento fiscal (Registro nro. 12231)
[ vista simple ]
| 000 -LEADER | |
|---|---|
| fixed length control field | 00320 a2200109 4500 |
| 001 - CONTROL NUMBER | |
| control field | ART_41132 |
| 005 - DATE AND TIME OF LATEST TRANSACTION | |
| control field | 20260410161628.0 |
| 008 - FIXED-LENGTH DATA ELEMENTS--GENERAL INFORMATION | |
| fixed length control field | 260409a |
| 100 1# - MAIN ENTRY--PERSONAL NAME | |
| Personal name | Bello, Alberto M. |
| 245 10 - TITLE STATEMENT | |
| Title | Efectos contables e impositivos del sinceramiento fiscal |
| 773 0# - HOST ITEM ENTRY | |
| Title | Enfoques |
| Related parts | - Nº 1 (ene. 2017) |
| Record control number | REV416 |
No hay ítems disponibles.